Staff management and information work

Contents of material: 1/ Introduction. 2/ Workforce planning. 3/ Job analysis. 4/ Staff recruitment. 5/ Staff appraisal. 6/ Staff training. 7/ Staff supervission

Guardat en:
Dades bibliogràfiques
Format: Llibre
Idioma:Undetermined
Publicat: Darya Ganj, New Delhi Anmol Pubications 2001
Matèries:
Etiquetes: Afegir etiqueta
Sense etiquetes, Sigues el primer a etiquetar aquest registre!
Thư viện lưu trữ: Trung tâm Học liệu Trường Đại học Cần Thơ
LEADER 00760nam a2200205Ia 4500
001 CTU_124758
008 210402s9999 xx 000 0 und d
020 |c 53.00 
082 |a 023.9 
082 |b S779 
245 0 |a Staff management and information work 
245 0 |c Edited by Shyama Balakrisnan, P. K. Paliwal 
260 |a Darya Ganj, New Delhi 
260 |b Anmol Pubications 
260 |c 2001 
520 |a Contents of material: 1/ Introduction. 2/ Workforce planning. 3/ Job analysis. 4/ Staff recruitment. 5/ Staff appraisal. 6/ Staff training. 7/ Staff supervission 
650 |a Information services,Library personnel management 
650 |x Personnel management. 
904 |i Minh 
980 |a Trung tâm Học liệu Trường Đại học Cần Thơ